<?xml version="1.0" encoding="UTF-8"?><?xml-stylesheet type="text/xsl" href="static/style.xsl"?><OAI-PMH xmlns="http://www.openarchives.org/OAI/2.0/" xmlns:xsi="http://www.w3.org/2001/XMLSchema-instance" xsi:schemaLocation="http://www.openarchives.org/OAI/2.0/ http://www.openarchives.org/OAI/2.0/OAI-PMH.xsd"><responseDate>2026-04-14T18:11:59Z</responseDate><request verb="GetRecord" identifier="oai:uvadoc.uva.es:10324/26432" metadataPrefix="marc">https://uvadoc.uva.es/oai/request</request><GetRecord><record><header><identifier>oai:uvadoc.uva.es:10324/26432</identifier><datestamp>2021-06-29T17:42:27Z</datestamp><setSpec>com_10324_38</setSpec><setSpec>col_10324_852</setSpec></header><metadata><record xmlns="http://www.loc.gov/MARC21/slim" xmlns:doc="http://www.lyncode.com/xoai" xmlns:xsi="http://www.w3.org/2001/XMLSchema-instance" xmlns:dcterms="http://purl.org/dc/terms/" xsi:schemaLocation="http://www.loc.gov/MARC21/slim http://www.loc.gov/standards/marcxml/schema/MARC21slim.xsd">
<leader>00925njm 22002777a 4500</leader>
<datafield tag="042" ind1=" " ind2=" ">
<subfield code="a">dc</subfield>
</datafield>
<datafield tag="720" ind1=" " ind2=" ">
<subfield code="a">López Díez, Iker</subfield>
<subfield code="e">author</subfield>
</datafield>
<datafield tag="260" ind1=" " ind2=" ">
<subfield code="c">2017</subfield>
</datafield>
<datafield tag="520" ind1=" " ind2=" ">
<subfield code="a">A menudo, los montes de nuestro país presentan una falta de aprovechamiento e incluso presentan una situación de total abandono, por lo cual se está perdiendo la rentabilidad que dichos montes, al igual que el beneficio ambiental que podrían proporcionar. Además, en este contexto, el riesgo del monte se acentúa debido a incendios forestales, a enfermedades y plagas entre otros factores de riesgo. Concretamente el monte nº412 "Traspando" en Oteo de Losa, provincia de Burgos, se encuentra en unas condiciones que no son las más adecuadas desde el punto de vista de la gestión selvícola. Debido a esto, se hace necesaria una modificación de las estructuras vegetales que componen este monte y se requiere la evaluación de distintos tratamientos con el fin de realizar las tareas selvícolas más apropiadas para corregir la situación actual y que las hectáreas objeto de estudio sean rentables dentro de una gestión sostenible.</subfield>
</datafield>
<datafield tag="024" ind2=" " ind1="8">
<subfield code="a">http://uvadoc.uva.es/handle/10324/26432</subfield>
</datafield>
<datafield ind1=" " ind2=" " tag="653">
<subfield code="a">Bosques - Gestión - España - Burgos</subfield>
</datafield>
<datafield tag="245" ind1="0" ind2="0">
<subfield code="a">Proyecto de ejecución de tratamientos selvícolas en 107,9 hectáreas del monte nº 412 “Traspando” en Oteo de Losa (Burgos)</subfield>
</datafield>
</record></metadata></record></GetRecord></OAI-PMH>